[Event "Vecindario Montalvo Memorial 16th"]
[Site "Vecindario"]
[Date "2024.03.26"]
[Round "4"]
[White "Broeder, Hans Gert"]
[Black "Mendez Acosta, Alexander Jesus"]
[Result "0-1"]
[WhiteElo "1860"]
[BlackElo "2025"]
[PlyCount "44"]
[EventDate "2024.03.23"]
[EventType "swiss"]
[EventRounds "9"]
[EventCountry "ESP"]
[SourceTitle "CBM 219 Extra"]
[Source "ChessBase"]
[SourceDate "2024.05.31"]
[SourceVersion "1"]
[SourceVersionDate "2024.05.31"]
[SourceQuality "1"]

1. e4 c5 2. c3 Nf6 3. d3 Nc6 4. f4 d6 5. Nf3 g6 6. Be3 Bg7 7. Nbd2 0-0 8. Be2 b5 9. d4 b4 10. Qa4 Bd7 11. Bb5 bxc3 12. bxc3 Qc7 13. dxc5 a6 14. cxd6 axb5 15. Qxa8 Qxd6 16. e5 Qd3 17. Qxf8+ Bxf8 18. Bd4 Nd5 19. g3 Nxd4 20. Nxd4 Nxc3 21. N2b3 Qe3+ 22. Kf1 Bh3# 0-1

[Event "Vecindario Montalvo Memorial 16th"]
[Site "Vecindario"]
[Date "2024.03.24"]
[Round "2"]
[White "Broeder, Hans Gert"]
[Black "Marrero Rodriguez, Jorge"]
[Result "0-1"]
[WhiteElo "1860"]
[BlackElo "2177"]
[PlyCount "76"]
[EventDate "2024.03.23"]
[EventType "swiss"]
[EventRounds "9"]
[EventCountry "ESP"]
[SourceTitle "CBM 219 Extra"]
[Source "ChessBase"]
[SourceDate "2024.05.31"]
[SourceVersion "1"]
[SourceVersionDate "2024.05.31"]
[SourceQuality "1"]

1. e4 e5 2. Nc3 Nf6 3. Nf3 Nc6 4. d4 exd4 5. Nd5 Bc5 6. Bg5 Be7 7. Bf4 d6 8. Nxd4 0-0 9. Nb5 Nxd5 10. exd5 Ne5 11. Be2 Ng6 12. Bg3 Bf6 13. c3 Bd7 14. 0-0 h5 15. h3 Re8 16. Na3 h4 17. Bh2 Be5 18. f4 Bf6 19. Bd3 Ne7 20. Nc2 Nf5 21. Qh5 g6 22. Qf3 c6 23. Kh1 cxd5 24. Qxd5 Bc6 25. Qb3 Qd7 26. Rfe1 Rxe1+ 27. Rxe1 Re8 28. Rd1 Ne3 29. Nxe3 Rxe3 30. Bxg6 Ba4 31. Rxd6 Qe7 32. Qxf7+ Qxf7 33. Bxf7+ Kxf7 34. Rd2 Bc6 35. Kg1 Be7 36. c4 Bc5 37. Kf1 Be4 38. Bg1 Rd3 0-1

[Event "EU-ch Seniors 65 22nd"]
[Site "Acqui Terme"]
[Date "2023.05.31"]
[Round "6"]
[White "Broeder, Hans Gert"]
[Black "Van Herck, Marcel"]
[Result "0-1"]
[WhiteElo "1728"]
[BlackElo "2009"]
[PlyCount "50"]
[EventDate "2023.05.26"]
[EventType "swiss"]
[EventRounds "9"]
[EventCountry "ITA"]
[SourceTitle "CBM 214 Extra"]
[Source "ChessBase"]
[SourceDate "2023.07.31"]
[SourceVersion "1"]
[SourceVersionDate "2023.07.31"]
[SourceQuality "1"]

1. e4 c6 2. Nc3 d5 3. Nf3 Bg4 4. h3 Bxf3 5. Qxf3 e6 6. exd5 cxd5 7. Bb5+ Nc6 8. 0-0 Nf6 9. d3 Be7 10. Bg5 0-0 11. Bxc6 bxc6 12. Rfe1 Rb8 13. Na4 Nd7 14. Bxe7 Qxe7 15. Qh5 Qd6 16. b3 e5 17. Nc3 f5 18. Qd1 f4 19. Qd2 f3 20. g3 Qe6 21. Kh2 Rf6 22. Rh1 Rh6 23. h4 Rb4 24. Qg5 Nf6 25. Rae1 Rh5 0-1

[Event "Vecindario Montalvo Memorial 15th"]
[Site "Vecindario"]
[Date "2023.04.03"]
[Round "3"]
[White "Broeder, Hans Gert"]
[Black "Matos Espino, Carlos Silverio"]
[Result "1/2-1/2"]
[WhiteElo "1740"]
[BlackElo "1444"]
[PlyCount "73"]
[EventDate "2023.04.02"]
[EventType "swiss"]
[EventRounds "9"]
[EventCountry "ESP"]
[SourceTitle "CBM 213 Extra"]
[Source "ChessBase"]
[SourceDate "2023.05.31"]
[SourceVersion "1"]
[SourceVersionDate "2023.05.31"]
[SourceQuality "1"]

1. e4 c5 2. c3 e5 3. Nf3 Nc6 4. Bc4 d6 5. d4 cxd4 6. cxd4 Bg4 7. h3 Bxf3 8. Qxf3 Qf6 9. dxe5 Qxf3 10. gxf3 dxe5 11. Bb5 Nge7 12. Nc3 0-0-0 13. Ba4 Nd4 14. Bd1 Nec6 15. 0-0 g5 16. Kg2 f5 17. a3 f4 18. b4 Ne7 19. Ne2 Nxf3 20. Kxf3 Rd3+ 21. Kg2 f3+ 22. Kh2 fxe2 23. Bxe2 Rd4 24. Bg4+ Kb8 25. Re1 h5 26. Bd1 Rd6 27. Bxg5 Nc6 28. h4 Bh6 29. Bxh6 Rhxh6 30. Re3 Rd2 31. Re2 Rxe2 32. Bxe2 Nd4 33. Bd1 Rf6 34. Ra2 Rf4 35. f3 Nxf3+ 36. Bxf3 Rxf3 37. Rg2 1/2-1/2

[Event "Vecindario Montalvo Memorial 14th"]
[Site "Vecindario"]
[Date "2022.09.07"]
[Round "5"]
[White "Broeder, Hans Gert"]
[Black "Gonzalez Sastron, Pablo"]
[Result "1/2-1/2"]
[WhiteElo "1818"]
[BlackElo "1592"]
[PlyCount "47"]
[EventDate "2022.09.04"]
[EventType "swiss"]
[EventRounds "9"]
[EventCountry "ESP"]
[SourceTitle "CBM 210 Extra"]
[Source "ChessBase"]
[SourceDate "2022.11.30"]
[SourceVersion "1"]
[SourceVersionDate "2022.11.30"]
[SourceQuality "1"]

1. e4 e6 2. d4 d5 3. exd5 exd5 4. Bd3 Bd6 5. Ne2 Nc6 6. c3 Nge7 7. Qc2 Be6 8. Nf4 g6 9. Nxe6 fxe6 10. Qb3 Qc8 11. f4 0-0 12. g3 Nd8 13. h4 c5 14. dxc5 Qxc5 15. h5 e5 16. hxg6 Nxg6 17. Bxg6 hxg6 18. Qc2 Kg7 19. Qh2 Nf7 20. Qh7+ Kf6 21. b4 Qc4 22. Qh4+ Kg7 23. Qh7+ Kf6 24. Qh4+ 1/2-1/2